<?xml version="1.0" encoding="UTF-8"?>
<collection xmlns="http://www.loc.gov/MARC21/slim">
<record>
  <controlfield tag="001">168053</controlfield>
  <controlfield tag="005">20260202145620.0</controlfield>
  <datafield tag="024" ind1="7" ind2=" ">
    <subfield code="2">doi</subfield>
    <subfield code="a">10.1016/j.metabol.2013.10.014</subfield>
  </datafield>
  <datafield tag="024" ind1="8" ind2=" ">
    <subfield code="2">sideral</subfield>
    <subfield code="a">85224</subfield>
  </datafield>
  <datafield tag="037" ind1=" " ind2=" ">
    <subfield code="a">ART-2014-85224</subfield>
  </datafield>
  <datafield tag="041" ind1=" " ind2=" ">
    <subfield code="a">eng</subfield>
  </datafield>
  <datafield tag="100" ind1=" " ind2=" ">
    <subfield code="a">Cenarro, A.</subfield>
  </datafield>
  <datafield tag="245" ind1=" " ind2=" ">
    <subfield code="a">Effect of nicotinic acid/Laropiprant in the Lipoprotein(a) concentration with regard to baseline lipoprotein(a) concentration and LPA genotype</subfield>
  </datafield>
  <datafield tag="260" ind1=" " ind2=" ">
    <subfield code="c">2014</subfield>
  </datafield>
  <datafield tag="520" ind1="3" ind2=" ">
    <subfield code="a">Background: Lipoprotein(a) [Lp(a)] is a lipoprotein in which apolipoproteinB-100 is linked to apolipoprotein(a) [apo(a)]. Significant variation in Lp(a) concentration is specific to LPA gene, which codes for apo(a). Nicotinic acid (NA) is used for treatment of dyslipidemias, and the lowering effect of NA on Lp(a) has been previously reported.
Objective: To evaluate the Lp(a) lowering effect of 1 g/20 mg and 2 g/40 mg day of Nicotinic acid/Laropiprant in subjects with different baseline Lp(a) concentrations and depending on the LPA genotype.
Methods: In an open-label, 10-week study, 1 g/20 mg day of NA/Laropiprant for 4 weeks followed by 6 weeks of 2 g/40 mg day conducted at 3 centers in Spain, 82 subjects were enrolled. Patients were studied at baseline and at the end of both treatment periods and were enrolled in three groups: normal Lp(a) (&lt; 50 mg/dL), high Lp(a) (50–120 mg/dL) and very high Lp(a) (> 120 mg/dL). The LPA genetic polymorphism was analyzed by a real-time PCR.
Results: There was a significant difference in LPA genotypes among Lp(a) concentration groups and an inverse and significant correlation between baseline Lp(a) concentration and LPA genotype was found (R = − 0.372, p &lt; 0.001). There were a significant decrease in total cholesterol, triglycerides, LDL cholesterol, apo B and Lp(a), and a significant increase in HDL cholesterol after NA/Laropiprant treatment, without changes in BMI. However, there were no statistical differences in percentage variation of analyzed variables depending on LPA genotype.
Conclusion: LPA genotype is a major determinant of Lp(a) baseline concentration. However, the lipid lowering effect of NA is not related to LPA genotype.</subfield>
  </datafield>
  <datafield tag="540" ind1=" " ind2=" ">
    <subfield code="9">info:eu-repo/semantics/closedAccess</subfield>
    <subfield code="a">All rights reserved</subfield>
    <subfield code="u">http://www.europeana.eu/rights/rr-f/</subfield>
  </datafield>
  <datafield tag="590" ind1=" " ind2=" ">
    <subfield code="a">3.894</subfield>
    <subfield code="b">2014</subfield>
  </datafield>
  <datafield tag="591" ind1=" " ind2=" ">
    <subfield code="a">ENDOCRINOLOGY &amp; METABOLISM</subfield>
    <subfield code="b">39 / 128 = 0.305</subfield>
    <subfield code="c">2014</subfield>
    <subfield code="d">Q2</subfield>
    <subfield code="e">T1</subfield>
  </datafield>
  <datafield tag="655" ind1=" " ind2="4">
    <subfield code="a">info:eu-repo/semantics/article</subfield>
    <subfield code="v">info:eu-repo/semantics/publishedVersion</subfield>
  </datafield>
  <datafield tag="700" ind1=" " ind2=" ">
    <subfield code="a">Puzo, J.</subfield>
    <subfield code="u">Universidad de Zaragoza</subfield>
    <subfield code="0">(orcid)0000-0002-1309-4363</subfield>
  </datafield>
  <datafield tag="700" ind1=" " ind2=" ">
    <subfield code="a">Ferrando, J.</subfield>
  </datafield>
  <datafield tag="700" ind1=" " ind2=" ">
    <subfield code="a">Mateo-Gallego, R.</subfield>
    <subfield code="0">(orcid)0000-0001-6650-8294</subfield>
  </datafield>
  <datafield tag="700" ind1=" " ind2=" ">
    <subfield code="a">Bea, A. M.</subfield>
  </datafield>
  <datafield tag="700" ind1=" " ind2=" ">
    <subfield code="a">Calmarza, P.</subfield>
  </datafield>
  <datafield tag="700" ind1=" " ind2=" ">
    <subfield code="a">Jarauta, E.</subfield>
    <subfield code="u">Universidad de Zaragoza</subfield>
    <subfield code="0">(orcid)0000-0001-9142-0737</subfield>
  </datafield>
  <datafield tag="700" ind1=" " ind2=" ">
    <subfield code="a">Civeira, F.</subfield>
    <subfield code="u">Universidad de Zaragoza</subfield>
    <subfield code="0">(orcid)0000-0001-7043-0952</subfield>
  </datafield>
  <datafield tag="710" ind1="2" ind2=" ">
    <subfield code="1">1007</subfield>
    <subfield code="2">610</subfield>
    <subfield code="a">Universidad de Zaragoza</subfield>
    <subfield code="b">Dpto. Medicina, Psiqu. y Derm.</subfield>
    <subfield code="c">Area Medicina</subfield>
  </datafield>
  <datafield tag="773" ind1=" " ind2=" ">
    <subfield code="g">63, 3 (2014), 365-371</subfield>
    <subfield code="p">Metab. clin. exp.</subfield>
    <subfield code="t">METABOLISM-CLINICAL AND EXPERIMENTAL</subfield>
    <subfield code="x">0026-0495</subfield>
  </datafield>
  <datafield tag="856" ind1="4" ind2=" ">
    <subfield code="s">507874</subfield>
    <subfield code="u">http://zaguan.unizar.es/record/168053/files/texto_completo.pdf</subfield>
    <subfield code="y">Versión publicada</subfield>
  </datafield>
  <datafield tag="856" ind1="4" ind2=" ">
    <subfield code="s">2247684</subfield>
    <subfield code="u">http://zaguan.unizar.es/record/168053/files/texto_completo.jpg?subformat=icon</subfield>
    <subfield code="x">icon</subfield>
    <subfield code="y">Versión publicada</subfield>
  </datafield>
  <datafield tag="909" ind1="C" ind2="O">
    <subfield code="o">oai:zaguan.unizar.es:168053</subfield>
    <subfield code="p">articulos</subfield>
    <subfield code="p">driver</subfield>
  </datafield>
  <datafield tag="951" ind1=" " ind2=" ">
    <subfield code="a">2026-02-02-14:49:02</subfield>
  </datafield>
  <datafield tag="980" ind1=" " ind2=" ">
    <subfield code="a">ARTICLE</subfield>
  </datafield>
</record>
</collection>